| 000 | 00625nam a2200205 a 4500 | ||
|---|---|---|---|
| 005 | 20140310183546.0 | ||
| 008 | 110928s19uu xx 00 eng d | ||
| 020 | _a9780071078597 | ||
| 050 |
_aQC 21.3 _b.G53 2010 |
||
| 100 | _aGiambattista, Alan | ||
| 245 |
_aCollege physics : _bwith an integrated approach to forces and kinematics / _cAlan Giambattista, et al. |
||
| 250 | _a3rd ed. | ||
| 260 |
_aBoston : _bMcGraw Hill, _c2010. |
||
| 300 |
_a1120 p. : _bcol. ill. ; _c28 cm. |
||
| 650 | _aPhysics | ||
| 700 | _aRichardson, Betty McCarthy | ||
| 700 | _aRichardson, Robert | ||
| 942 |
_cBK _2lcc _kFOR |
||
| 999 |
_c24875 _d24875 |
||